<?xml version="1.0" encoding="UTF-8"?><?xml-stylesheet type="text/xsl" href="static/style.xsl"?><OAI-PMH xmlns="http://www.openarchives.org/OAI/2.0/" xmlns:xsi="http://www.w3.org/2001/XMLSchema-instance" xsi:schemaLocation="http://www.openarchives.org/OAI/2.0/ http://www.openarchives.org/OAI/2.0/OAI-PMH.xsd"><responseDate>2026-06-07T23:47:54Z</responseDate><request verb="GetRecord" identifier="oai:docta.ucm.es:20.500.14352/97299" metadataPrefix="marc">https://docta.ucm.es/rest/oai/request</request><GetRecord><record><header><identifier>oai:docta.ucm.es:20.500.14352/97299</identifier><datestamp>2025-07-03T23:46:01Z</datestamp><setSpec>com_20.500.14352_14</setSpec><setSpec>col_20.500.14352_15</setSpec></header><metadata><record xmlns="http://www.loc.gov/MARC21/slim" xmlns:dcterms="http://purl.org/dc/terms/" xmlns:xsi="http://www.w3.org/2001/XMLSchema-instance" xmlns:doc="http://www.lyncode.com/xoai" xsi:schemaLocation="http://www.loc.gov/MARC21/slim http://www.loc.gov/standards/marcxml/schema/MARC21slim.xsd">
   <leader>00925njm 22002777a 4500</leader>
   <datafield ind2=" " ind1=" " tag="042">
      <subfield code="a">dc</subfield>
   </datafield>
   <datafield ind2=" " ind1=" " tag="720">
      <subfield code="a">Duarte Calvo, Antonio Jaime</subfield>
      <subfield code="e">author</subfield>
   </datafield>
   <datafield ind2=" " ind1=" " tag="260">
      <subfield code="c">2022-05-09</subfield>
   </datafield>
   <datafield ind2=" " ind1=" " tag="520">
      <subfield code="a">Siguiendo la propuesta de Peirce en su Argumento Olvidado, en este artículo trataremos de observar la equivalencia generativa y metodológica de lo que llamaremos las experiencias abductivas religiosas y científicas. Para articular estas conexiones, nos apoyaremos también en las conferencias Gifford de William James (1901-1902) reunidas bajo el título Las variedades de la experiencia religiosa. Estudiaremos ampliamente, además, la universalidad de los procesos mentales que llevan a la generación de las abducciones más creativas y que Peirce denominó Musement; para finalizar, trataremos de justificar esta universalidad por un descubrimiento muy reciente de la neurociencia, la red neural por defecto.</subfield>
   </datafield>
   <datafield ind2=" " ind1=" " tag="520">
      <subfield code="a">ABSTRACT: Following the Peirce’s proposal drawn  intheNeglectedArgument,herewe  focus  on  the  equivalence,from  the  generative  and  methodological point  of  view,of  what  we  will  call  the  religious  and  scientific  abductive experiences.  To  articulate  these  connections,  we  also  rely  on  William James's   Gifford   Lectures   (1901-1902)   collected   under   the   title The Varieties  of  Religious  Experience.  Moreover,  we  study  extensivelythe universality  of the  Musement  which  is  related  to the  mental  processes that  lead  to  the  generation  of  the  most  creative  abductions;  finally,  wefullyidentify  the Musementwitha  recent  discovery  of  neuroscience,  the brain’s default modenetwork.</subfield>
   </datafield>
   <datafield ind1="8" ind2=" " tag="024">
      <subfield code="a">Duarte A. Las variedades de la experiencia abductiva. HUMANREV 2022; 11: 23–36. [DOI: 10.37819/revhuman.v11i.893]</subfield>
   </datafield>
   <datafield ind1="8" ind2=" " tag="024">
      <subfield code="a">2695-9623</subfield>
   </datafield>
   <datafield ind1="8" ind2=" " tag="024">
      <subfield code="a">10.37467/gkarevhuman.v11.3220</subfield>
   </datafield>
   <datafield ind1="8" ind2=" " tag="024">
      <subfield code="a">10.37819/revhuman.v11i.893</subfield>
   </datafield>
   <datafield ind1="8" ind2=" " tag="024">
      <subfield code="a">https://hdl.handle.net/20.500.14352/97299</subfield>
   </datafield>
   <datafield ind1="8" ind2=" " tag="024">
      <subfield code="a">https://doi.org/10.37819/revhuman.v11i.893</subfield>
   </datafield>
   <datafield ind2="0" ind1="0" tag="245">
      <subfield code="a">Las variedades de la experiencia abductiva</subfield>
   </datafield>
</record></metadata></record></GetRecord></OAI-PMH>